First language acquisition : method, description, and explanation

Αποθηκεύτηκε σε:
Λεπτομέρειες βιβλιογραφικής εγγραφής
Κύριος συγγραφέας: Ingram, David
Μορφή: Βιβλίο
Γλώσσα:English
Δημοσίευση: Cambridge : Cambridge University Press, 1989
Θέματα:
Ετικέτες: Προσθήκη ετικέτας
Δεν υπάρχουν, Καταχωρήστε ετικέτα πρώτοι!

MARC

LEADER 00000nam a2200000 i 4500
001 1/22376
008 931008s1989 eng d
020 |a 0-521-34916-8 
035 |a 1990  |b 1  |c Αγορά/Αφένδρας  |l 10036544 
040 |a GR-MY-UA  |b gre  |e aacr 
041 0 |a eng 
082 0 |a 401.9 
100 1 |a Ingram, David. 
245 1 0 |a First language acquisition :  |b method, description, and explanation /  |c David Ingram 
260 |a Cambridge :   |b Cambridge University Press,   |c 1989 
300 |a 572 p. 
504 |a Bibliography: p. 519-548. Includes index. 
650 0 0 |a Language acquisition. 
852 |a INST  |b RHODES  |e 19931008  |h 401.9 ING  |p 005400003231  |q 005400003231  |t BK  |y 0 
909 |a Ρ  |b 017003  |c 1990